[Event "SV Deggendorf 2-MTV Ingolstadt 1"]
[Site "?"]
[Date "2024.10.20"]
[Round "2.4"]
[White "Doerfler, Guenther"]
[Black "Holgert, Michael"]
[Result "0-1"]
[WhiteElo "1973"]
[BlackElo "2004"]
[Annotator "Stockfish 17"]
[PlyCount "116"]
[EventDate "2024.??.??"]
[WhiteTeam "SV Deggendorf 2"]
[BlackTeam "MTV Ingolstadt 1"]

{[%evp 9,116,33,36,36,37,22,40,6,11,-29,-28,-49,-6,-13,-10,-53,-47,-126,-120,
-108,-95,-137,-123,-199,-7,-8,0,2,9,-25,39,42,44,-4,-6,-31,18,-125,-121,-137,
-145,-126,-171,-201,-169,-196,-134,-178,-168,-188,-172,-205,-225,-245,-232,
-270,-265,-267,-268,-261,-258,-255,-259,-255,-253,-255,-241,-252,-254,-427,
-428,-419,-423,-414,-419,-420,-397,-411,-417,-408,-391,-442,-433,-473,-444,
-427,-439,-482,-482,-458,-467,-485,-485,-477,-458,-476,-477,-471,-472,-546,
-468,-471,-467,-466,-411,-461,-457,-1090,-29983]} 1. e4 d6 2. Nf3 Nf6 3. Nc3 c6
4. g3 (4. d4 g6 5. Be3 Bg7 6. Qd2 $16) 4... Bg4 5. Bg2 e6 6. h3 Bh5 7. O-O Be7
8. b3 d5 9. e5 Nfd7 10. Re1 Bxf3 11. Qxf3 c5 12. Qh5 {Weiss will Sxd5 spielen.}
Nc6 {[#]} 13. Nxd5 {nach dem bisherigen Verlauf eine schärfere Gangart. Der
Einschlag ist jedoch nicht gerechtfertigt. Stockfish bewertet mit - 1.30} ({
Besser ist} 13. f4 $15) 13... g6 $1 $17 ({Natürlich nicht} 13... exd5 $6 14.
e6 $11 Nde5 15. Rxe5 Nxe5 16. Bb2 $13 {war wohl die löbliche Absicht}) 14. Qh6
exd5 15. Qg7 Rf8 16. Bxd5 {[#]} (16. Bb2 $17) 16... Ndxe5 $2 (16... Nb6 $142 $1
$19 17. Bg2 Qd7 18. Qxh7 O-O-O) 17. Rxe5 $1 $11 Nxe5 18. Qxe5 Qd7 19. d3 (19.
c4 O-O-O 20. Kg2 Bd6 21. Qf6 Rfe8 22. Bb2 Re7 23. Rd1 {ist für Stockfish
remis und daran könnte auch ein Supergroßmeister nichts ändern.}) 19... f6 (
19... O-O-O $1 $11 20. Bg2 (20. Bf4 Bd6 $17) 20... Bd6) 20. Qe4 $14 {[%mdl
1024] Weiss hat Kompensation.} f5 21. Qe5 (21. Qf3 $5 {[%cal Rd5b7]} O-O-O 22.
c4 $11 {mit stabiler Stellung, die gegen Stockfish niemand gewoinnt!}) 21...
Kd8 {Und weiter mit ...Lf6 wäre nett.} 22. Be6 Qd4 (22... Qd6 {sieht
schärfer aus.} 23. Qd5 Qxd5 24. Bxd5 Kc7 25. Bd2 Bf6) 23. Bb2 $6 (23. Qxd4+
$11 cxd4 24. Bh6) 23... Qxe5 $17 24. Bxe5 Bf6 $36 {[%mdl 2048] Schwarz
bestimmt, wo es lang geht.} 25. Bxf6+ Rxf6 {[%mdl 4096] Endspiel KTT-KTL} 26.
Bd5 (26. Bc4 Kd7 27. a4 $17 {mit besseren Aussichten für Schwarz}) 26... Rb8
27. Re1 b6 (27... Rf8 $19 28. d4 cxd4) 28. f4 Rd6 29. Re5 Rd7 30. Kf2 {[#]} Re7
$1 {Schwarz demonstriert in der Folge, wie man sowas gewinnt} 31. Kf3 Kd7 32.
c3 Kd6 33. Rxe7 Kxe7 $19 {KT-KL} 34. a4 Kd6 35. Bc4 Re8 36. Kf2 Re7 37. Bb5 Ke6
38. Bc4+ Kf6 39. d4 cxd4 40. cxd4 Re4 41. d5 Ke7 42. Kf3 Kd6 43. g4 Rd4 44. Ke3
Kc5 45. gxf5 gxf5 46. Kf3 Rd1 47. Kg3 Rd4 48. Kf3 a5 49. Ke3 h5 50. h4 Re4+ 51.
Kf3 Re1 52. Bd3 Kxd5 53. Bxf5 Kd4 54. Bg6 Re3+ 55. Kf2 Rxb3 56. Bxh5 Ke4 57.
Be8 Kxf4 58. Ke2 (58. h5 $142) 58... Re3+ {[%mdl 64] Doppelangriff.} 0-1

[Event "SV Deggendorf 2-MTV Ingolstadt 1"]
[Site "?"]
[Date "2024.10.20"]
[Round "2.5"]
[White "Hausmann, Kai"]
[Black "Grabmeier, Johannes"]
[Result "1-0"]
[WhiteElo "2027"]
[BlackElo "1909"]
[Annotator "Stockfish 17"]
[PlyCount "71"]
[EventDate "2024.??.??"]
[WhiteTeam "MTV Ingolstadt 1"]
[BlackTeam "SV Deggendorf 2"]

{[%evp 9,71,116,123,90,106,49,49,50,89,89,128,128,138,137,152,141,165,163,172,
172,227,236,228,205,319,203,325,337,400,413,463,458,465,437,432,438,450,429,
975,910,965,966,947,867,866,881,829,717,702,688,679,606,631,612,702,686,872,
864,848,847,823,837,831,791]} 1. d4 c5 2. d5 b5 {ein Experiment? Vorbereitet
mit Stockfish wüßte man um die Bewertung + 1.35 und würde das nie wagen.} 3.
e4 a6 4. c4 $16 (4. a4 b4 5. Nd2 d6 6. Nc4 g6 7. Nf3 Bg7 8. Bf4 Nf6 9. Nfd2 O-O
{Farago,I-Eymann,H Baden-Baden 1990}) 4... Qb6 (4... b4 5. a3 {wenn Stockfish
die Stellung mit + 1.90 bewertet, ist das ein vernichtendes Urteil} Qa5 6. Nf3
d6 7. Bd3 g6 8. O-O Bg7 9. Nbd2 {Beth-Breidenbach cr EU M 1991}) 5. Qc2 d6 6.
Bd3 g6 7. f4 (7. a4 $1 bxc4 8. Bxc4 Bg7 9. Nf3 {bleibt vorne}) 7... Bg7 8. Nf3
$14 bxc4 (8... e6 9. Nc3 Ne7 10. Be3 O-O $14) 9. Bxc4 Nd7 (9... Qb4+ $142 10.
Nbd2 Nf6 11. Rb1 O-O) 10. O-O Rb8 {[%cal Rg7b2]} 11. Nc3 Nh6 12. Na4 Qc7 13.
Bd2 O-O 14. Rae1 Re8 $6 15. b3 Nf8 16. Qc1 e6 $2 {[#]} 17. h3 (17. f5 $1 Ng4
18. dxe6 fxe6 19. h3 Ne5 20. Nxe5 Bxe5 21. Bc3 $18) 17... exd5 (17... f5 $142
18. e5 Nf7) 18. Bxd5 $18 Kh8 19. f5 $1 Ng8 20. Ng5 Bd4+ 21. Kh1 Re7 22. fxg6 f6
23. Nf7+ Kg7 (23... Rxf7 $142 24. gxf7 Ne7) 24. Bh6+ {das Ende naht} Nxh6 25.
Qxh6+ Kg8 26. gxh7+ Nxh7 27. Qg6+ Kf8 28. Qxh7 {[%cal Rh7h8]} (28. Ng5 Re6 29.
Nxh7+ Ke7 30. Bxe6 {Bewertung + 14.00}) 28... Rxf7 29. Qh8+ {[%mdl 64]
Zwischenzug} Ke7 30. Bxf7 {[%csl Gf7][%cal Rh8e8]} Be6 31. Qh4 Bxf7 32. e5 {
[%mdl 64] Hinlenkung} Bxe5 {[#]} 33. Rxe5+ $1 {[%mdl 576] Verteidiger
eliminieren} dxe5 34. Qxf6+ {[%mdl 64] Doppelangriff} Ke8 35. Qh8+ Ke7 {[#]}
36. Rxf7+ $1 {[%mdl 512]} 1-0

[Event "SV Deggendorf 2-MTV Ingolstadt 1"]
[Site "?"]
[Date "2024.10.20"]
[Round "2.6"]
[White "Bauer, Bernd"]
[Black "Freundorfer, Josef"]
[Result "1-0"]
[WhiteElo "1903"]
[BlackElo "2009"]
[Annotator "Stockfish 17"]
[PlyCount "130"]
[EventDate "2024.??.??"]
[WhiteTeam "SV Deggendorf 2"]
[BlackTeam "MTV Ingolstadt 1"]

{[%evp 9,130,-11,-2,-44,-42,-111,-85,-53,-53,-166,-26,-31,-23,-40,-17,-33,-1,
-54,-36,-80,-20,-42,-40,-36,-25,-38,-19,-22,24,19,51,49,42,26,35,14,16,8,9,-9,
1,-53,-4,13,9,-80,-84,-83,-65,-406,-57,-227,-54,-144,-83,-89,-71,-92,-96,-284,
-287,-304,-258,-330,-307,-289,-219,-210,-194,-160,-170,-167,-170,-159,-136,
-220,-163,-281,-269,-271,-276,-274,-194,-199,-211,-304,-255,-29997,-169,-216,
-199,-351,-346,-370,-372,-375,-303,-413,-302,-320,-311,-287,-316,-289,-307,
-291,-237,-413,-148,-200,293,277,322,296,338,351,367,377,392,354,414,290,301]} 
1. e4 e5 2. Nf3 Nc6 3. Bc4 Bc5 4. d4 (4. c3 Nf6 5. d4 exd4 6. cxd4 (6. e5 $5 d5
7. Be2 Ne4 8. cxd4 Bb4+ 9. Nbd2 O-O 10. O-O Bf5 11. Nb3 {Dahlgruen,Anja-Comp
Galileo Dortmund op 1989}) 6... Bb4+ 7. Nc3 Nxe4 8. O-O Bxc3 9. d5 Bf6 $15 {
ist eine bekannte Variante}) 4... Bxd4 5. Nxd4 Nxd4 6. O-O (6. Be3 {fühlt
sich spannender an.} Nc6 7. Qh5 Qe7 8. Nc3 Nf6 9. Qh4) 6... d6 7. c3 $6 (7. f4
Nf6 8. fxe5 dxe5 9. Bg5 Qd6 10. Bxf6 gxf6 11. Kh1 {Pillsbury,H - Dunshee
Giuoco 1901}) 7... Nc6 (7... Ne6 $5) 8. f4 Nf6 9. Qf3 $2 (9. f5 $15) 9... Qe7 (
9... exf4 $1 $19 {Droht ...Se5 und aus.} 10. Bxf4 Ne5 11. Bxe5 dxe5) 10. f5 $11
h6 11. Be3 Bd7 12. Nd2 Nb8 13. Qg3 Rg8 14. Qf3 Bc6 15. Rae1 Nbd7 16. b4 b6 17.
Bb3 Bb7 18. Bf2 O-O-O 19. Bh4 Kb8 20. a4 g5 21. fxg6 $1 Rxg6 22. Bd5 c6 23. Bb3
Rdg8 $11 24. Re2 (24. Rf2 $142) 24... d5 25. Kh1 Ba6 (25... Qd6 $15) 26. b5 $1
{[%cal Rb5a6]} cxb5 27. Bxd5 (27. exd5 $142 $11 {hält das Gleichgewicht.} bxa4
{[%mdl 64] Abzugsangriff} 28. Bc4 $11 Bxc4 29. Nxc4) 27... bxa4 $17 28. c4 Rf8
{[#]} 29. Qc3 $2 {[%mdl 8192] ein Fehler, den der Gegner bestrafen konnte} (29.
Bc6 $15 Qe6 30. Bxa4) 29... Qd6 $2 (29... Nxd5 $1 $19 30. Bxe7 Nxc3 {man
vergesse das Zählen nicht, Schwarz hat 1 Figur mehr!} 31. Re3 Rfg8 32. g3 Nxe4
33. Nxe4 Bxc4 34. Rd1 f5 $19) 30. Ref2 $2 (30. Ra1 $15) 30... Bb7 $17 ({
Günstiger ist} 30... Nxd5 $142 $19 31. exd5 Rg4 32. Bg3 Rc8) 31. Bg3 ({
Besser ist} 31. Qc2 $15) 31... Qe7 ({Keinesfalls} 31... Bxd5 32. exd5 Re8 33.
Qa1 $15) (31... Nh5 $142 32. Rxf7 Rxf7 33. Rxf7 Nxg3+ 34. hxg3 Bc8) 32. Rf5 {
[%cal Rg3e5]} Nxd5 33. cxd5 f6 34. Nf3 $2 (34. Qc4 $17) 34... Rc8 $1 $19 35.
Qd2 Ka8 36. Nh4 Rg4 37. Qe2 h5 38. Rxh5 Rcg8 {...Sc5 ist eine echte Drohung.}
39. Nf5 Qb4 40. Rh7 Rxe4 41. Qh5 {und nun wäre Tg1 stark für Weiss.} Qb5 {
[%cal Rb5f1]} 42. Rg1 (42. Rd1 $17 Bxd5 43. Nd6) 42... Bxd5 (42... Rb4 43. Ne7
Rb8 $19) 43. Nd6 (43. Rg7 $142 Nb8 44. Rxg8 Bxg8 45. Qg6) 43... Qc6 44. Nxe4
Bxe4 $19 45. Re7 Bd5 (45... a3 46. Qe2 Bd5 $19) 46. Qh7 Rd8 47. Qb1 (47. h4 {
ist eine bessere Verteidigung.}) 47... Nc5 (47... a3 $1 $19) 48. Qh7 $2 {[#]} (
48. Qc2 $19) 48... Nd7 $2 {gut genug für einen sicheren Gewinn} ({viel
unangenehmer war stattdessen} 48... Bxg2+ $1 {[%mdl 512] setzt Matt} 49. Rxg2
Rd1+ 50. Be1 Rxe1#) 49. h3 a3 {Und ...Lxg2+! würde nun gewinnen.} 50. Qd3 $2 (
50. Kh2 {ist der einzige Weg für Weiss..}) 50... a2 $1 51. Qd2 Nc5 {Weiss
muss nun ...Se4 beachten.} 52. Qb2 Qd6 (52... Rg8 53. Kh2 Qa4 $19) 53. Rg7 Ne4
54. Bh4 Rh8 55. Rc1 Nc5 (55... Rxh4 $4 56. Rc8+ {geht natürlich nicht}) 56.
Qa3 {[%csl Gg7][%cal Ra3a7]} a5 57. Bf2 {[%cal Rf2c5]} Rc8 {zielt auf ...Df8
ab.} 58. Qb2 $2 (58. Kh2 {kämpft weiter.}) 58... Rb8 $2 (58... Qf8 $19 59. Rg3
Ne4) 59. Qb5 {[%cal Rf2c5] [#]} Bc6 $4 {[%mdl 8192] beide Spieler hatten nur
noch wenige Minuten auf der Uhr. Schwarz stolpert hier entscheidend} (59... Qc6
$1 $19 {[%cal Rc6b5]} 60. Qf1 Rb7) 60. Bxc5 $18 {[%cal Rb5a6]} Bxb5 61. Bxd6 {
Weiss droht Tcc7 und Matt.} Rd8 62. Be7 Rd5 63. Bxf6 {[%cal Rc1c8]} Bc4 64. Re7
Rb5 {Und weiter mit ...Tb1 wäre nett.} 65. Rxe5 Rb1 1-0

[Event "SV Deggendorf 2-MTV Ingolstadt 1"]
[Site "?"]
[Date "2024.10.20"]
[Round "2.7"]
[White "Muharemagic, Asim"]
[Black "Bacholke, Michael"]
[Result "1-0"]
[WhiteElo "1946"]
[BlackElo "1886"]
[Annotator "Stockfish 17"]
[PlyCount "69"]
[EventDate "2024.??.??"]
[WhiteTeam "MTV Ingolstadt 1"]
[BlackTeam "SV Deggendorf 2"]

{[%evp 9,69,-90,-43,-47,-50,-47,-13,-63,-60,-192,-192,-190,-190,-189,-193,-199,
-185,-240,-228,-239,-227,-236,-229,-229,-219,-229,-232,-255,-155,-255,-221,
-232,-122,-140,-138,-137,-125,-262,-260,-251,-108,-107,-108,-234,-225,-237,
-129,-198,-126,-157,-17,-168,-45,-72,-46,-44,9,0,2,-2,375,17]} 1. e4 c5 2. b4
b6 (2... cxb4 3. a3 d5 4. exd5 Qxd5 5. Nf3 e5 {ist eine Variante, die man sich
ansehen kann}) 3. Nf3 Bb7 4. Bc4 $6 (4. bxc5 Bxe4 5. Nc3 Bb7 6. d4 $11) 4... e6
(4... cxb4 $1 5. O-O e6 6. Re1 Nf6 7. e5 Nd5 $17) 5. e5 Nc6 {[%cal Bb8c6,Bc6d4,
Bd4f3][%mdl 32]} (5... cxb4 6. d4 Qc7 $17) 6. bxc5 bxc5 7. O-O Nh6 8. Nc3 Nd4 {
[#] Weiss muss nun ...Sxf3+ beachten.} 9. d3 $2 (9. Be2 $15) 9... Nxf3+ $19 10.
gxf3 Nf5 {ist das jetzt das Wunschergenis des Weißen? - 2.12 spricht dagegen}
11. Ne4 Be7 12. c3 O-O 13. f4 d5 14. exd6 Bxd6 15. Qg4 Be7 16. Be3 Rc8 17. Rae1
Kh8 18. Ng5 Qd6 19. Bc1 (19. Qh5 $17 Bxg5 20. fxg5) 19... Qc6 {[%csl Gb7][%cal
Rc6h1]} (19... h6 20. Ne4 $19 {kam in Frage}) 20. f3 Rce8 (20... Ba6 $19 21.
Qg2 Bxc4 22. dxc4 Qa4) 21. Qh5 $17 {[%csl Gg5][%cal Rh5h7]} Nh6 22. Re2 Ba6 23.
Rg2 $2 (23. Bxa6 $17 Qxa6 24. c4) 23... Bxc4 $19 24. dxc4 Bxg5 $6 (24... Qa6
$19 {ist viel giftiger.} 25. Rb2 Qxc4) 25. fxg5 $17 Nf5 26. g6 $2 (26. Qg4 $17
{war angesagt.}) 26... fxg6 $19 27. Rxg6 Kg8 (27... Qa6 $19 28. Rg2 Qxc4) 28.
Rg4 (28. Rg2 $17 {war nötig.}) 28... Re7 ({Günstiger ist} 28... Rd8 $19 29.
Qh3 Rd3) 29. Re4 Qe8 $11 (29... Ref7 $17 30. Qh3 Rf6) 30. Qg4 $2 {[#]} (30.
Qxe8 $11 {und Weiss muss sich keine Sorgen machen.} Rexe8 31. Rd1) 30... Qc6 ({
Lieber} 30... e5 $1 $19 31. Qg2 Nd6) 31. Rfe1 Qd7 32. Re5 Qd6 33. Qe4 Rf6 34.
Kh1 {Und Lg5 würde nun gewinnen.} Qd7 $4 {[%mdl 8192]} (34... h6 $11 {und
Schwarz steht sicher.}) 35. Rxc5 $2 $11 {[%mdl 32768]} (35. Bg5 $18 Nd6 36. Qe2
) 1-0

[Event "SV Deggendorf 2-MTV Ingolstadt 1"]
[Site "?"]
[Date "2024.10.20"]
[Round "2.8"]
[White "Krauss, Andreas"]
[Black "Guertler, Armin"]
[Result "1-0"]
[WhiteElo "1886"]
[BlackElo "1844"]
[Annotator "Stockfish 17"]
[PlyCount "73"]
[EventDate "2024.??.??"]
[WhiteTeam "SV Deggendorf 2"]
[BlackTeam "MTV Ingolstadt 1"]

{[%evp 16,73,63,45,47,40,65,62,137,145,200,193,184,145,137,116,172,109,104,70,
70,65,59,56,214,194,251,203,269,190,200,195,191,194,196,181,236,225,253,256,
453,218,623,606,572,372,439,440,435,429,393,395,496,476,506,493,506,494,484,
481]} 1. e4 d6 2. d4 g6 3. Nc3 Bg7 4. f4 Nf6 5. Nf3 O-O 6. Bd3 c5 7. dxc5 dxc5
8. O-O (8. e5 Nd5 9. Nxd5 Qxd5 10. Qe2 Nc6 11. c3 Bg4 12. Be4 {Hellers,
F-Kakageldyev,A Biel izt 1993}) 8... Nc6 9. e5 Nd5 10. Bd2 Ndb4 11. Be4 Bg4 $2
({Lieber} 11... f5 $14 12. Bxc6 Nxc6) 12. a3 $1 $16 Bxf3 13. Rxf3 {Bewertung +
2.00} ({Auf keinen Fall} 13. gxf3 $6 Na6 $16) 13... Na6 14. Bxc6 (14. Rd3 Qe8
15. Be3 $18) 14... bxc6 15. Rd3 Qc7 16. Qe2 $16 ({Günstiger ist} 16. Be3 $18)
16... c4 17. Rd4 Qb6 18. Qxc4 $14 Rad8 19. Be3 $36 {[%mdl 2048] Weiss hat
Druck.} Nc7 $2 {[#]} (19... Qxb2 $14 20. Rad1 Rxd4 21. Bxd4 (21. Rxd4 g5 $14)
21... Nc7) 20. Qb4 (20. b3 Nb5 21. Rd3 $18 {ging auch}) 20... Nb5 21. Nxb5 a5
22. Qd2 (22. Qxe7 Rde8 23. Qd7 $18) 22... cxb5 23. Rd1 {[%cal Rd4d8]} Rxd4 24.
Qxd4 Qc7 25. c3 Bh6 26. g3 Qb7 27. Qd5 {Weiß beherrscht das Brett bei 1
Mehrbauern} Rb8 $2 {[#]} (27... Qa6 28. Qd7 b4 29. cxb4 axb4 30. axb4 Rb8) 28.
Kf2 (28. Qxb7 $142 Rxb7 29. Rd8+ Kg7 30. g4) 28... e6 $2 (28... Qa6 29. Qc5 Bf8
) 29. Qxb7 $18 Rxb7 {[%mdl 4096] Endspiel KTL-KTL} 30. Rd6 (30. Rd8+ Kg7 31.
Bc5 $18 {geht schnell zu Ende}) 30... Bf8 31. Rb6 Rxb6 32. Bxb6 {KL-KL} a4 33.
Ke3 Kg7 34. Kd4 {Weiß steht klar auf Gewinn.} Be7 35. Bc5 Bd8 36. c4 bxc4 37.
Kxc4 1-0

[Event "SK Neuburg 1-SK Freising 1"]
[Site "?"]
[Date "2024.11.10"]
[Round "3.2"]
[White "Wurzel, Andre"]
[Black "Brand, Leonhard"]
[Result "1-0"]
[WhiteElo "2101"]
[BlackElo "2054"]
[Annotator "Stockfish 17"]
[PlyCount "93"]
[EventDate "2024.??.??"]
[WhiteTeam "SK Neuburg 1"]
[BlackTeam "SK Freising 1"]

{[%evp 10,93,32,40,45,40,40,38,39,42,128,56,59,56,59,47,63,66,90,71,103,104,80,
-8,-12,-47,14,10,12,14,50,42,57,63,75,75,129,130,168,154,206,204,225,213,215,
203,368,369,370,362,369,381,441,425,416,395,411,412,452,452,448,434,449,445,
444,444,428,428,463,463,453,443,524,482,594,585,910,665,913,927,998,985,999,
939,1007,904]} 1. d4 d5 2. c4 c6 3. Nc3 Nf6 4. e3 Bf5 5. cxd5 cxd5 6. Qb3 Nc6
7. Qxb7 {[#] Und Lb5 würde nun gewinnen.} Bd7 $1 {zielt auf ...Tb8 ab.} 8. Qb3
Rb8 9. Qd1 Qa5 $6 (9... e5 $1 10. dxe5 Nxe5 11. Be2 Qc7 12. Nf3 Nxf3+ 13. Bxf3
Bd6 14. h3 O-O 15. O-O Rfd8 $44) 10. Bd3 (10. Nf3 $16) 10... e5 $1 11. dxe5
Nxe5 12. Nge2 Bd6 (12... Nxd3+ 13. Qxd3 Bd6 14. O-O O-O $14) 13. O-O Qc7 14.
Nf4 Bc6 $6 (14... Nxd3 15. Qxd3 O-O $14) 15. Be2 Ng6 {[%cal Rg6f4]} 16. Re1 (
16. g3 $142 $16) 16... O-O $11 {Droht ...Tfd8.} 17. g3 $6 $17 {[%cal Rf4d5]} (
17. Ncxd5 Nxd5 18. Nxd5 Bxh2+ 19. Kh1 Bxd5 20. Qxd5 Rfd8 $11) 17... Rfd8 (17...
Nxf4 $15 18. gxf4 d4 $1 19. Qxd4 Rfd8 $36) 18. Nxg6 ({Nicht} 18. Nfxd5 $2 Nxd5
19. Nxd5 Bxd5 $19) 18... hxg6 19. Bf3 Bc5 (19... Ne4 $11) 20. Ne2 d4 (20... Bb4
21. Rf1 Bb5 {kam sehr in Frage}) 21. Nxd4 Bxf3 22. Qxf3 {Droht Sc6 und aus.}
Bxd4 23. exd4 $16 Qc4 $2 (23... Rb4 $142) 24. b3 Qb4 25. Be3 $18 Nd5 26. Red1
Rbc8 27. Rac1 {[#] Und weiter mit Txc8 wäre nett.} Nxe3 $2 (27... Rc3 {
war angesagt.} 28. Re1 a6) 28. Rxc8 $1 $18 ({Weniger gut wäre} 28. Qxe3 Rxc1
29. Rxc1 (29. Qxc1 Rxd4 30. Qc8+ Kh7 $16) 29... a6 $18) 28... Rxc8 29. Qxe3 {
[%mdl 4096] Endspiel KDT-KDT} ({Schwächer ist} 29. fxe3 Rc2 $16) 29... Rd8 30.
d5 Qa5 31. Qd2 Qxd2 32. Rxd2 {KT-KT} Kf8 33. d6 f6 34. d7 {Weiß steht klar
auf Gewinn.} Ke7 35. Kf1 Rxd7 36. Rxd7+ Kxd7 {KB-KB das Bauernendspiel ist
leicht gewonnen} 37. Ke2 Kd6 38. Kd3 Kd5 39. b4 g5 40. h3 f5 41. f4 gxf4 42.
gxf4 g6 43. h4 Kc6 44. Kc4 Kd6 45. b5 Kc7 46. Kd5 Kd7 47. Ke5 1-0

[Event "SK Neuburg 1-SK Freising 1"]
[Site "?"]
[Date "2024.11.10"]
[Round "3.3"]
[White "Zill, Christoph"]
[Black "Foerch, Benedikt"]
[Result "1/2-1/2"]
[WhiteElo "2101"]
[BlackElo "2104"]
[Annotator "Stockfish 17"]
[PlyCount "44"]
[EventDate "2024.??.??"]
[WhiteTeam "SK Freising 1"]
[BlackTeam "SK Neuburg 1"]

{[%evp 18,44,42,39,44,39,41,0,21,15,24,2,4,2,4,-25,-11,-22,12,14,24,-17,-20,
-42,-32,-32,-17,-8,-19]} 1. e4 c6 2. d4 d5 3. Nc3 dxe4 4. Nxe4 Nf6 5. Nxf6+
exf6 6. Nf3 (6. c3 Bd6 7. Bd3 O-O 8. Qc2 Re8+ 9. Ne2 {wird auch oft gespielt})
6... Bd6 7. Be2 O-O 8. O-O Re8 9. Be3 (9. Re1 Bf5 10. Be3 Nd7 11. h3 Be4 {
Karpov,A-Hort,V Tilburg 1979}) 9... Nd7 10. c4 Nf8 {[%cal Bd7f8,Bf8g6,Bg6f4]
[%mdl 32]} 11. d5 c5 12. Ne1 Qc7 13. h3 b6 14. Nd3 Bf5 15. Re1 Ng6 16. Qd2 Be4
17. Bf1 f5 {[#] Droht stark ...f4.} 18. f3 f4 {Droht ...Lxd3 und aus.} 19. Bxf4
Nxf4 20. Rxe4 (20. fxe4 Nxd3 21. Bxd3 $15) 20... Rxe4 21. fxe4 Nxd3 22. Bxd3
Bf4 1/2-1/2

[Event "SK Neuburg 1-SK Freising 1"]
[Site "?"]
[Date "2024.11.10"]
[Round "3.4"]
[White "Heppert, Lars"]
[Black "Bauer, Robert"]
[Result "0-1"]
[WhiteElo "1927"]
[BlackElo "2094"]
[Annotator "Stockfish 17"]
[PlyCount "52"]
[EventDate "2024.??.??"]
[WhiteTeam "SK Neuburg 1"]
[BlackTeam "SK Freising 1"]

{[%evp 11,52,16,19,-42,-41,-37,-33,-93,-92,-105,-70,-106,-56,-38,-13,-26,-14,
13,63,-49,46,42,44,-9,0,9,127,22,140,129,183,106,134,-117,147,-561,-538,-557,
-552,-823,-777,-29991,-29992]} 1. Nf3 d5 2. e3 Nf6 3. c4 c6 4. Nc3 e6 5. b3 Bd6
6. Bb2 O-O 7. Qc2 (7. d4 $11) 7... e5 $15 8. cxd5 cxd5 9. d4 e4 $17 10. Ne5 a6
11. f3 b5 12. fxe4 dxe4 13. Nxe4 Nxe4 14. Qxe4 $11 Bb4+ $6 (14... Ra7 15. Bd3
f5 16. Qd5+ Kh8 17. O-O Rc7 $11) 15. Kd1 {[#]} (15. Kf2 $1 $14 Ra7 16. Bd3)
15... Ra7 (15... Nd7 $1 $15) 16. Bd3 $14 {[%csl Gd3][%cal Re4h7]} f5 17. Qf3
Bb7 18. Qh3 Qg5 $2 (18... g6 $11) 19. Rg1 $40 {[%mdl 128]} (19. Rc1 $142 $16)
19... Bd5 $6 (19... Nc6 $11 {hält das Gleichgewicht.}) 20. g4 h6 21. Ke2 (21.
Rc1 $1 $18) 21... f4 $16 22. e4 $2 {[%mdl 8192] [#]} (22. Raf1 $16 {und es
läuft.}) 22... f3+ $2 {[%mdl 8192]} (22... Nc6 $1 $17 {[%cal Rc6e5] hält den
Druck.} 23. Qh5 (23. exd5 Nxe5 24. Kf1 Nxd3 $19) (23. Nf3 Qe7) 23... Nxe5 24.
Qxg5 f3+ 25. Ke3 hxg5 26. dxe5 Be6) 23. Kf1 $2 {[%mdl 8192] [#]} (23. Nxf3 $18
Rxf3 24. Kxf3) 23... Qd2 $19 {Weiss muss nun ...Lxe4 beachten.} 24. exd5 {
Und g5 würde nun gewinnen.} Re7 {( -> ...Txe5)} 25. Rg3 {[#]} Rxe5 $1 {
[%mdl 512]} 26. Rxf3 (26. Kg1 Re1+) 26... Qxd3+ {[%mdl 64] Doppelangriff.} 0-1

[Event "SK Neuburg 1-SK Freising 1"]
[Site "?"]
[Date "2024.11.10"]
[Round "3.5"]
[White "Gruettner, Ralf"]
[Black "Vaccaroni, Juan Manuel"]
[Result "1/2-1/2"]
[WhiteElo "2041"]
[BlackElo "1940"]
[Annotator "Stockfish 17"]
[PlyCount "110"]
[EventDate "2024.??.??"]
[WhiteTeam "SK Freising 1"]
[BlackTeam "SK Neuburg 1"]

{[%evp 14,110,55,37,38,33,58,53,57,21,12,10,16,6,5,-30,18,19,23,26,149,148,153,
155,157,148,155,137,148,-7,-15,-32,87,-108,-104,-112,-117,-223,-139,-141,-144,
-140,-135,-144,-94,-94,-97,-158,-73,-111,-47,-43,-33,-35,-42,-56,-47,-49,-47,
-50,-48,-49,-61,-78,-10,-16,-15,-34,-28,-25,0,0,0,0,0,0,0,0,0,0,0,0,38,0,0,0,0,
0,0,0,2,5,9,8,32,-7,-3,-7,-4]} 1. d4 Nf6 2. c4 c5 3. d5 b5 4. cxb5 a6 5. e3 g6
6. Nc3 Bg7 7. Nf3 O-O 8. Be2 axb5 9. Bxb5 Qa5 10. O-O Ne4 11. Nxe4 (11. a4 $5 {
[%cal Rc3e4]} Nxc3 12. bxc3 $14) 11... Qxb5 12. Nc3 Qb6 13. Qc2 d6 14. b3 Na6 (
14... Bf5 $5 {[%cal Rf5c2]} 15. Qd2 Qb4 $11) 15. Bb2 Nb4 16. Qd2 Ba6 $6 (16...
Qb7 $11) 17. Na4 $16 Qb7 18. Bxg7 Kxg7 19. Rfd1 f6 20. Nb2 Bb5 21. Nc4 $2 (21.
a3 Na6 22. e4 $16) 21... Bxc4 $11 22. bxc4 Ra3 $6 {[#]} (22... Ra5 $15 {
behält die Oberhand.}) 23. h3 $2 (23. Ng5 $1 $16 {ist erzwungen, um die
Oberhand zu behalten.}) 23... Rfa8 $17 24. Rdb1 Qa6 25. Qe2 $2 (25. Nd4 $17
Qxc4 26. e4) 25... Rxa2 (25... Nxd5 26. Qc2 Nb4 {gibt Gewinnchancen}) 26. Rxa2
Qxa2 27. Qxa2 Rxa2 $17 {[%mdl 4096] Endspiel KTS-KTS} 28. Ne1 Nc2 29. Nd3 g5
30. Rb3 $2 (30. g4 $142) 30... Kf7 (30... Na3 $142 31. Nb2 Ra1+ 32. Kh2 Nb1)
31. g4 Ra4 ({Lieber} 31... Na3 $17 32. Nc1 Rc2 33. Rxa3 Rxc1+ 34. Kg2 Rxc4) 32.
Rc3 $15 Na3 33. Nb2 Ra7 34. Kg2 Nb1 35. Rc1 Nd2 36. Rc2 Nb3 37. Rc3 Rb7 38. Nd3
e6 (38... Na5 $17) 39. dxe6+ Kxe6 40. Kg3 Na5 41. f4 Rb3 42. Rxb3 Nxb3 $11 {
KS-KS} 43. f5+ Kd7 44. Kf2 Nd2 45. Nb2 Kc6 46. Ke2 Nb3 47. Na4 d5 48. cxd5+
Kxd5 49. Nb6+ Kc6 50. Nc4 Nc1+ 51. Kd2 Na2 52. e4 Nb4 53. e5 Nd5 54. exf6 Nxf6
55. Kd3 h6 1/2-1/2